Statistiques concernant Pokémon - Les attaques de Mackogneur

Cliquez ici pour prendre le quiz!

Statistiques générales

  • Ce quiz a été pris 9 fois
  • Le résultat moyen est 8 sur 16

Statistiques - réponses

NiveauxTypesNoms des attaques% Correct
Niveau 60CombatCoup Croix
75%
Niveau 54CombatDynamo-Poing
75%
Niveau 24CombatCorps Perdu
63%
Niveau 36DragonDouble Baffe
63%
Niveau 42CombatGonflette
63%
DépartNormalGroz'Yeux
63%
DépartCombatBalayage
50%
Niveau 12CombatBalayette
50%
Niveau 66NormalDamoclès
50%
Niveau 48CombatFrappe Atlas
50%
DépartRocheGarde Large
50%
DépartNormalPuissance
50%
Niveau 16TénèbresSabotage
50%
DépartCombatVendetta
50%
Niveau 20NormalGrimace
13%
Niveau 31NormalForce
0%

Distribution des résultats

Percentile par nombre de réponses

% des personnes avec chaque résultat

Votre développement - résultats

Vous n’avez pas pris ce quiz